Представление документа в формате RUSMARC

ПолеНазваниеЗначение
  Тип записи a
  Библиографический уровень m
001 Контрольный номер RuMoRGB-007568611
005 Дата корректировки 20201206205013.0
010 Индекс ISBN __
a ISBN 978-5-9916-4464-8 (в пер.)
d Цена 753-00
021 № государственной регистрации __
b № документа 14-78091
100 Данные общей обработки __
a Данные общей обработки 19160621d2015||||||| 0rusy0189 ca
101 Язык документа 0_
a Язык текста rus
102 Страна публикации __
a Страна публикации ru|
105 Кодированные данные (монография) __
a Кодированные данные (монография) #|||||||000zy
200 Заглавие и сведения об ответственности 1_
a Заглавие Гражданское право России. Общая часть
e Сведения, относящиеся к заглавию учебник для академического бакалавриата : для студентов высших учебных заведений, обучающихся по юридическим направлениям и специальностям
f Первые сведения об ответственности А. П. Анисимов, А. Я. Рыженков, С. А. Чаркин ; под общей редакцией А. Я. Рыженкова
b Общее обозначение материала Текст
205 Сведения об издании __
a Основные сведения об издании 3-е изд., перераб. и доп.
210 Выходные данные __
a Место издания Москва
c Издательство Юрайт
d Дата издания 2015
215 Физическое описание __
a Объем 503, [1] с.
d Формат 21 см
225 Серия __
a Серия Бакалавр. Академический курс
225 Серия __
a Серия УМО ВО рекомендует
300 Общие примечания __
a Общие примечания Книга доступна в электронной библиотечной системе biblio-online.ru
300 Общие примечания __
a Общие примечания 1000 экз.
320 Библиография __
a Библиография Библиогр. в конце гл.
330 Аннотация __
a Аннотация Раскрываются основные понятия гражданского права, анализируются научные работы, нормативные правовые акты и правоприменительная практика. Простым и понятным языком изложены основные современные проблемы цивилистической доктрины и правоприменительной практики. Учебник подготовлен в соответствии с требованиями Федерального государственного образовательного стандарта высшего образования четвертого поколения. Для студентов, аспирантов, преподавателей юридических вузов, сотрудников правоохранительных органов, государственных служащих, юристов, а также всех заинтересованных читателей.
606 Тематические рубрики __
a Основная рубрика Право
606 Тематические рубрики __
a Основная рубрика Гражданское право в целом
y Географическая подрубрика Российская Федерация
y Географическая подрубрика Россия
y Географическая подрубрика РФ
610 Ключевые слова __
a Ключевые слова вещное право
a Ключевые слова вещные права
a Ключевые слова граждане
a Ключевые слова гражданские обязанности
a Ключевые слова гражданские права
a Ключевые слова гражданские правоотношения
a Ключевые слова гражданско-правовая ответственность
a Ключевые слова гражданско-правовые договоры
a Ключевые слова гражданское законодательство
a Ключевые слова гражданское право
a Ключевые слова договоры
a Ключевые слова исковая давность
a Ключевые слова исполнение обязательств
a Ключевые слова коммерческие организации
a Ключевые слова некоммерческие организации
a Ключевые слова объекты гражданского права
a Ключевые слова обязательственное право
a Ключевые слова право собственности
a Ключевые слова представительство
a Ключевые слова публично-правовые образования
a Ключевые слова сделки
a Ключевые слова субъекты гражданского права
a Ключевые слова юридические лица
686 Индексы других классификаций __
2 Код системы rubbks
a Классификационный индекс 67.404(2Рос)я73
700 Автор _1
a Фамилия Анисимов
b Имя А. П.
g Полное личное имя Алексей Павлович
4 Код отношения 070
701 Альтернативная интеллектуальная ответственность _1
a Фамилия Рыженков
b Имя А. Я.
g Полное личное имя Анатолий Яковлевич
4 Код отношения 070
4 Код отношения 340
701 Альтернативная интеллектуальная ответственность _1
a Фамилия Чаркин
b Имя С. А.
g Полное личное имя Сергей Анатольевич
4 Код отношения 070
801 Источник записи _0
a Страна ru
b Организация Муниципальное бюджетное учреждение культуры "Централизованная библиотечная система" г. Сургут (Центральная городская библиотека им. А. С. Пушкина)
c Дата составления 20160621
g Правила каталогизации КиК/Котельникова
801 Источник записи _1
a Страна ru
b Организация Муниципальное бюджетное учреждение культуры "Централизованная библиотечная система" г. Сургут (Центральная городская библиотека им. А. С. Пушкина)
c Дата составления 20160621
g Правила каталогизации КиК/Котельникова
852 Данные о местонахождении __
j Шифр хранения 67.404(2Рос)я73
i Авторский знак А 67
901 Тип документа __
t Тип документа m
903 Характеристики (МАРС) __
a Дата передачи 20160621
969 Тип издания __
a Тип издания учебник
990 Данные о заказе (DOS) __
j Количество экземпляров (DOS) 1
t N записи в КСУ для И/У (DOS) 201607